00000000nam 2200000za 4500
0019.846758
003CaOODSP
00520221107153259
007cr |||||||||||
008171107s1957    onc     os   f000 0 eng d
040 |aCaOODSP|beng
043 |an-cn---
0861 |aCS13-507/1957E-PDF
24500|aEnergy sources in Canada |h[electronic resource] : |bcommodity statements for 1926, 1929, 1933 and 1939 / |cDominion Bureau of Statistics, Industry and Merchandising Division.
260 |aOttawa : |bEdmond Cloutier, Queen's Printer, |c1957.
300 |a72 p.
4901 |aReference paper ; |vno. 74
500 |aChiefly tables.
500 |aDigitized edition from print [produced by Statistics Canada].
520 |a“This research memorandum presents the results of a study of the available statistics on fuel and energy for the years 1926, 1929, 1933 and 1939. It was prepared in close co-operation with the Technical Sub-Committee of the Inter-departmental Committee on Energy. It forms part of a series of publications on energy, and carries back to earlier years the work begun with Energy Sources in Canada; Commodity Accounts for 1948 and 1952. Further details on some aspects of the subject have been given in Energy Consumption in the Manufacturing and Mining Industries of Canada, Selected Years, 1926-1953"--Foreward, p. [3].
530 |aIssued also in print format.
69207|2gccst|aEnergy use
69207|2gccst|aFuels
69207|2gccst|aStatistics
7101 |aCanada. |bDominion Bureau of Statistics. |bIndustry and Merchandising Division.
830#0|aReference paper (Canada. Dominion Bureau of Statistics)|vno. 74|w(CaOODSP)9.820711
85640|qPDF|s10.62 MB|uhttps://publications.gc.ca/collections/collection_2017/statcan/CS13-507-1957-eng.pdf
986 |a13-507